| 000 | 00584cam a2200205 a 4500 | ||
|---|---|---|---|
| 001 | 000018141 | ||
| 005 | 20200929165354.0 | ||
| 008 | 810320nuuuuuuuumx 000 f spa d | ||
| 040 |
_aDO-SdBNP _bspa _cBNPHU |
||
| 082 |
_a863.6 _bB644h |
||
| 100 | 1 |
_aBlasco Ibáñez, Vicente, _d1867-1928 _915017 |
|
| 245 | 1 | 3 |
_aLa horda : _bnovela / _cVicente Blasco Ibáñez. |
| 260 |
_aMéxico : _bPrometeo, _c19?? |
||
| 300 |
_a385 p. ; _c19 cm. |
||
| 650 | 4 |
_aNovela española _91123 |
|
| 650 | 4 |
_aLiteratura española _9632 |
|
| 910 | _aCatalogación derivada | ||
| 910 | _aWM | ||
| 049 | _aBNGR | ||
| 999 |
_c17662 _d17662 |
||